Fichajes del Real Madrid desde 2000/01 - Estadísticas

Estadísticas generales
  • Esta prueba ha sido intentada 2.609 veces
    453 desde el último reinicio
  • La puntuación promedio es 55 de 109
Estadísticas de respuestas
Procedencia Jugador % Correcto
Manchester United Cristiano Ronaldo
91%
PSG Mbappé
90%
Borussia Dortmund Bellingham
86%
Palmeiras Endrick
86%
Inter Ronaldo
86%
Bayern Kroos
85%
Benfica Álvaro Carreras
84%
Rennes Camavinga
83%
Bournemouth Huijsen
83%
Tottenham Modric
83%
Málaga Isco
82%
Chelsea Courtois
81%
Chelsea Rüdiger
81%
Tottenham Bale
80%
Lyon Benzema
79%
Barcelona Figo
79%
Liverpool Alexander-Arnold
78%
Osasuna Javi García
77%
Osasuna Pablo García
77%
Mónaco Tchouaméni
77%
Espanyol* Joselu
76%
Sevilla Sergio Ramos
76%
Fenerbahce Arda Güler
75%
Rayo Vallecano Fran García
74%
Chelsea Hazard
73%
Sao Paulo Casemiro
72%
Bayer Leverkusen Carvajal
71%
Juventus Zidane
71%
Levante Keylor Navas
70%
Mallorca Asensio
69%
Liverpool Xabi Alonso
69%
Benfica Di María
68%
Fluminense Marcelo
68%
Werder Bremen Özil
68%
Bayern Alaba
67%
Milan Kaká
67%
Manchester United Beckham
66%
Lyon Mendy
65%
Mónaco James Rodríguez
64%
Eintracht Frankfurt Jovic
64%
Zorya Lugansk Lunin
64%
Oporto Militao
64%
Oporto Pepe
62%
Manchester City Brahim Díaz
60%
Betis Ceballos
60%
Zaragoza Jesús Vallejo
58%
Lens Varane
58%
Real Sociedad Odriozola
56%
Stuttgart Khedira
55%
Chelsea* Arrizabalaga
54%
River Higuaín
54%
Liverpool Arbeloa
53%
Juventus Morata
53%
PSG* Areola
50%
Real Sociedad Illarramendi
50%
Chelsea Robben
50%
Espanyol Kiko Casilla
48%
Liverpool Owen
47%
Juventus Cannavaro
45%
Benfica Coentrao
45%
Racing de Santander Canales
44%
Boca Gago
44%
Getafe Pedro León
44%
Inter Kovacic
43%
Manchester United* Chicharito
42%
Santos Robinho
42%
Atlético de Madrid Theo Hernández
42%
Lyon Mariano
41%
Portsmouth Lass
40%
Oporto Danilo
39%
Chelsea Carvalho
38%
Cruzeiro Lucas Silva
38%
Ajax Sneijder
38%
Valencia Albiol
37%
Lyon Diarra
37%
Manchester United van Nistelrooy
37%
Sevilla Diego López
36%
Everton Gravesen
36%
Borussia Dortmund Nuri Sahin
35%
Manchester City* Adebayor
34%
Getafe Granero
34%
Barcelona Saviola
33%
Chelsea* Essien
30%
Celta Makélélé
30%
Racing de Santander Munitis
27%
Arsenal* Reyes
26%
Bayern Altintop
25%
Espanyol Callejón
25%
Hamburgo van der Vaart
24%
Ajax Huntelaar
23%
Almería Negredo
22%
Racing de Santander Garay
21%
Manchester United Heinze
20%
Leeds Woodgate
20%
Liverpool Dudek
19%
Feyenoord Drenthe
18%
Roma Samuel
18%
Atlético de Madrid Solari
18%
Sevilla Baptista
17%
Sao Paulo Cicinho
17%
Juventus Emerson
17%
Borussia Dortmund Metzelder
17%
Roma Cassano
16%
West Ham* Faubert
16%
Valladolid César Sánchez
14%
Zaragoza Soro
14%
Getafe De la Red
10%
River Diogo
9%
Deportivo Flavio Conceiçao
9%
No se encontraron pruebas coincidentes
Distribución de puntuación
Porcentaje de gente con cada puntuación
Porcentaje por número respondido
Historial de tus puntuaciones
No has intentado esta prueba desde el último reinicio